000 00508nam a2200181Ia 4500
003 GCL
008 140319s9999 xx 000 0 eng d
040 _aGCL /
_cGCL
082 0 4 _a338.6
_bC M
100 1 _aCARLTON, DENNIS W.
245 1 0 _aMODERN INDUSTRIAL ORGANIZATION /
_cCARLTON, DENNIS W.
700 1 _aPERLOFF, JEFFREY M.
260 _a[S.N] :
_bHARPER COLLINS COLLEGE PUBLISBERS ،
_c1993
300 _a973 P
650 0 4 _aINDUSTRIAL ORGANIZATION
650 0 4 _aECONOMIC THEORY
942 _2ddc
_cBK
999 _c17762
_d17762